| 000 | 01063nac a22002531u 4500 | ||
|---|---|---|---|
| 010 | _a 2002029191 | ||
| 020 | _a3540652256 (acid-free paper) | ||
| 082 | 0 | 0 |
_a621.366 _bDEM |
| 090 |
_c8922 _d8922 |
||
| 100 | _aDemtroÌ(der, W. | ||
| 245 | 1 | 0 |
_aLaser spectroscopy : _bbasic concepts and instrumentation / _cWolfgang DemtroÌ(der. |
| 250 | _a3rd ed. | ||
| 260 |
_aBerlin ; _aNew York : _bSpringer,2003 _cc2003. |
||
| 300 |
_axx, 987 p. : _bill. ; _c24 cm. |
||
| 440 | 0 | _aAdvanced texts in physics, | |
| 500 | _adistributer: Scientific home bookshop | ||
| 504 | _aIncludes bibliographical references (p. [893]-977) and index. | ||
| 511 | _acatalogued by: wessam | ||
| 650 | 0 | _aLaser spectroscopy. | |
| 856 | 4 | 2 |
_3Publisher description _uhttp://www.loc.gov/catdir/enhancements/fy0815/2002029191-d.html |
| 856 | 4 | 2 |
_3Table of contents only _uhttp://www.loc.gov/catdir/enhancements/fy0815/2002029191-t.html |
| 942 |
_cBB _k621.366DEM |
||
| 999 |
_c8922 _d8922 |
||